Europese Landen naar Inwoners - Statistieken

Algemene statistieken
  • Deze quiz is 10.279 keer genomen
  • De gemiddelde score is 29 van 45
Antwoordstatistieken
Inwoners Land % Correct
144 mil R Rusland
99%
82.4 mil D Duitsland
98%
68.3 mil F Frankrijk
98%
46.4 mil S Spanje
91%
11.5 mil B België
90%
17.1 mil N Nederland
90%
66.8 mil V Verenigd Koninkrijk
90%
59.2 mil I Italië
89%
38.0 mil P Polen
82%
19.5 mil R Roemenië
82%
9.67 mil H Hongarije
80%
11.1 mil G Griekenland
78%
10.0 mil Z Zweden
77%
10.3 mil P Portugal
75%
43.9 mil O Oekraïne
74%
8.76 mil O Oostenrijk
74%
8.58 mil Z Zwitserland
70%
1000 V Vaticaanstad
69%
5.55 mil F Finland
67%
7.00 mil B Bulgarije
62%
5.76 mil D Denemarken
61%
38.3 k L Liechtenstein
61%
33.6 k S San Marino
61%
77.0 k A Andorra
60%
39.0 k M Monaco
60%
10.6 mil T Tsjechië
59%
4.83 mil I Ierland
57%
2.87 mil L Litouwen
57%
5.38 mil N Noorwegen
56%
9.44 mil B Belarus
55%
1.30 mil E Estland
55%
1.92 mil L Letland
55%
6.79 mil S Servië
55%
5.45 mil S Slowakije
55%
4.15 mil K Kroatië
51%
2.93 mil A Albanië
50%
594 k L Luxemburg
48%
433 k M Malta
48%
2.08 mil S Slovenië
46%
3.50 mil B Bosnië en Herzegovina
44%
1.96 mil K Kosovo
44%
629 k M Montenegro
42%
4.03 mil M Moldavië
41%
2.09 mil N Noord-Macedonië
38%
340 k I IJsland
33%
Geen overeenkomende quizzen gevonden
Scoreverdeling
Procent van Mensen met Elke Score
Percentiel versus Aantal Correcte Antwoorden
Uw Scoregeschiedenis
U heeft deze quiz nog niet genomen